[Event "Guillermo Garcia Memorial op 26th"]
[Site "Santa Clara"]
[Date "2017.05.22"]
[Round "7"]
[White "Hernandez Gonzalez, William"]
[Black "Carrazana Vazquez, Pedro Ernesto"]
[Result "1/2-1/2"]
[WhiteElo "2397"]
[BlackElo "2257"]
[PlyCount "65"]
[EventDate "2017.05.16"]
[EventType "swiss"]
[EventRounds "9"]
[EventCountry "CUB"]
[SourceTitle "CBM 178 Extra"]
[Source "ChessBase"]
[SourceDate "2017.06.22"]
[SourceVersion "1"]
[SourceVersionDate "2017.06.22"]
[SourceQuality "1"]

1. e4 c5 2. Nf3 a6 3. d4 cxd4 4. Nxd4 Nf6 5. Nc3 e5 6. Nde2 Bb4 7. Bg5 h6 8. Bxf6 Qxf6 9. Qd2 d6 10. a3 Bc5 11. f4 exf4 12. Nxf4 Be6 13. 0-0-0 Nc6 14. Nfd5 Qd8 15. Bd3 0-0 16. Rhf1 b5 17. Ne2 b4 18. a4 Bxd5 19. exd5 Ne5 20. Ng3 b3 21. cxb3 Qb6 22. Qc2 Rab8 23. Kb1 Rfc8 24. Nf5 Rc7 25. Rc1 Nxd3 26. Qxd3 Qxb3 27. Qxb3 Rxb3 28. Rc3 Rxc3 29. bxc3 Kh7 30. Kc2 g6 31. Ng3 Re7 32. Kd2 f5 33. Re1 1/2-1/2

[Event "Guillermo Garcia Memorial op 26th"]
[Site "Santa Clara"]
[Date "2017.05.20"]
[Round "5"]
[White "Carrazana Vazquez, Pedro Ernesto"]
[Black "Forgas Moreno, Yaniela"]
[Result "1-0"]
[WhiteElo "2257"]
[BlackElo "2238"]
[PlyCount "99"]
[EventDate "2017.05.16"]
[EventType "swiss"]
[EventRounds "9"]
[EventCountry "CUB"]
[SourceTitle "CBM 178 Extra"]
[Source "ChessBase"]
[SourceDate "2017.06.22"]
[SourceVersion "1"]
[SourceVersionDate "2017.06.22"]
[SourceQuality "1"]

1. g3 g6 2. Bg2 Bg7 3. e4 c5 4. Ne2 Nc6 5. c3 d6 6. 0-0 Nf6 7. a3 0-0 8. d3 d5 9. exd5 Nxd5 10. Nd2 e5 11. Ne4 b6 12. b4 cxb4 13. axb4 b5 14. Qb3 Nde7 15. Nc5 h6 16. h3 Qc7 17. d4 Rb8 18. d5 Nd8 19. g4 Kh7 20. Qd1 Rb6 21. Ne4 Qb8 22. d6 Nec6 23. Be3 f5 24. d7 Bb7 25. Bxb6 axb6 26. gxf5 gxf5 27. Nd6 e4 28. Nxb7 Qxb7 29. Qd5 Qc7 30. Rad1 Ne5 31. f3 Nc4 32. Qxb5 Ne3 33. fxe4 Nxd1 34. Rxd1 f4 35. Rd3 Be5 36. Qd5 Rf7 37. Bf3 Rg7+ 38. Kh1 Qa7 39. Rd1 Qc7 40. c4 Rg5 41. Rg1 Kg7 42. c5 bxc5 43. bxc5 Rxg1+ 44. Nxg1 Kf6 45. Qg8 Nf7 46. Bh5 Qxd7 47. Qg6+ Ke7 48. Qxf7+ Kd8 49. Qd5 Bc7 50. Bg4 1-0